| 000 | 00948nam a2200313 u 4500 | ||
|---|---|---|---|
| 001 | 774 | ||
| 003 | CO-MdUADB | ||
| 005 | 20260428103511.0 | ||
| 008 | 950307s1991 spa | ||
| 020 | _a8475097111 | ||
| 035 | _a774 | ||
| 035 | _a(OCoLC)55295585 | ||
| 040 | _ccomduadb | ||
| 041 | _aspa | ||
| 082 | 4 | _a190 | |
| 100 | 1 | 0 |
_aDal Lago, Alessandro _4aut _eaut _9316462 |
| 245 | 1 | 0 | _aElogio del pudor |
| 250 | _a1. Ed. | ||
| 260 |
_aBarcelona : _bEdiciones Paidós, _c1991. |
||
| 300 | _a192 páginas | ||
| 500 | _aDonación : Programa para la Mujer, Consejería de la Presidencia : Oct/94. | ||
| 650 | 7 |
_aÉtica _2lemb _94694 |
|
| 650 | 7 |
_aFilosofía _2lemb _9234416 |
|
| 650 |
_aHusserl, Edmund, 1859-1938 _918847 |
||
| 650 | 7 |
_aPostmodernismo _2lemb _983854 |
|
| 650 |
_aMujeres (Género) _952393 |
||
| 700 | 1 | 0 |
_aRovatti, Pier Aldo, _d1942- _4aut _0(isni)0000 0001 2276 2661 _0(viaf)9871063 _eaut _9238058 |
| 942 |
_cBOOK _2ddc |
||
| 999 |
_c1069 _d1069 |
||